000 00740nam a2200253 4500
001 10831
003 OSt
005 20250701094746.0
007 tu
008 s1992||||||| ger
040 _aDE-2950
_cDE-2950
100 1 _aMichelke, Karl
245 0 0 _aFrankfurter Geschichten
_cKarl Michelke
264 _aohne
264 _bEigenverlag
_c1996
365 _cDEM
440 0 _aFrankfurter Geschichten
_vSonderdruck Heft 11, 1996, III
_wR1001
505 0 _aKirchengeschichte 1933 - 1945. Eine Dokumentation von Dr. Friedrich Huck. Sonderdruck Heft 11, 1996, III
546 _adeutsch
653 _aFrankfurt (Oder)
653 _aKirchengeschichte 1933 - 1945
653 _aNationalsozialismus
942 _2z
_cB
999 _c373837
_d373837